Bài giảng một số tác phẩm Hồ Chí Minh

Đã lưu trong:
Sonraí Bibleagrafaíochta
Príomhúdar: Trương, Thị Mỹ Dung (Biên soạn)
Údair Eile: Nguyễn, Công Lập (Biên soạn)
Formáid: Leabhar
Teanga:Vietnamese
Foilsithe: Đồng Tháp Đại học Đồng Tháp 2014
Ábhair:
Clibeanna: Cuir Clib Leis
Gan Chlibeanna, Bí ar an gcéad duine leis an taifead seo a chlibeáil!
Thư viện lưu trữ: Trung tâm Học liệu Lê Vũ Hùng, Trường Đại học Đồng Tháp
LEADER 01270pam a22003258a 4500
001 00032969
005 20171026081025.0
008 141231s2014 ||||||viesd
041 0 # |a vie 
082 1 4 |a 335.434 6  |b B103GI 
100 1 # |e Biên soạn  |a Trương, Thị Mỹ Dung 
245 1 0 |a Bài giảng một số tác phẩm Hồ Chí Minh  |c Trương Thị Mỹ Dung, Nguyễn Công Lập (b.s) 
260 # # |a Đồng Tháp  |b Đại học Đồng Tháp  |c 2014 
300 # # |a 60 tr.  |c 24 cm. 
500 # # |a Đầu bìa sách ghi: Trường Đại học Đồng Tháp. Khoa GDCT-CTXH 
600 1 4 |a Hồ, Chí Minh 
653 # # |a Bài giảng 
653 # # |a Tư tưởng Hồ Chí Minh 
653 # # |a Tác phẩm 
653 # # |a Chính trị 
700 1 # |e Biên soạn  |a Nguyễn, Công Lập 
852 # # |b Kho giáo trình  |j KGT.0048623, KGT.0048624, KGT.0048625, KGT.0048626 
852 # # |b Kho mượn  |j KGT.0048623, KGT.0053089 
852 # # |j KD.0016495  |j KGT.0048623  |j KGT.0048624  |j KGT.0048626  |j KGT.0053089  |j KGT.0048625 
852 # # |b Kho đọc  |j KD.0016495 
910 |d 31/12/2014 
980 # # |a Trung tâm Học liệu Lê Vũ Hùng, Trường Đại học Đồng Tháp